000 01040cad a22002775a 4500
001 E151685
008 101130s2010 xxk f 100 0 eng d
020 _a9781842196199
035 _a(Sirsi) u151685
041 0 _aeng
100 1 _aOdeyinka, Henry
111 2 _aConstruction and Building Research Conference
_cDauphine Universite, Paris
_d2-3 September 2010
245 0 0 _aAssessing risk impacts on the variability between tender sum and final account
_h[electronic resource]
260 _aLondon
_bRICS
_c2010
520 _aA paper presented at the COBRA Conference in Paris on 2-3 September 2010.
590 _aKA
650 2 4 _aCONSTRUCTION AND BUILDING RESEARCH CONFERENCE (COBRA)
651 4 _aUnited Kingdom
_y
690 _aBUILT ENVIRONMENT-BUILDING COSTS
700 1 _aWeatherup, Robert
700 1 _aCunningham, Gervase
700 1 _aMcKane, Mark
700 1 _aLarkin, Keren
856 4 0 _uhttps://www.rics.org/site/scripts/download_info.aspx?fileID=7810&categoryID=720
_zBroken link - not available
942 _n0
999 _c111538
_d111538